| 000 | 00515nam a2200169Ia 4500 | ||
|---|---|---|---|
| 008 | 230714s9999 xx 000 0 und d | ||
| 020 | _a9790000000000 | ||
| 041 | _aeng | ||
| 082 |
_a155.2 _bBAR |
||
| 100 |
_aBarrett J. _9108224 |
||
| 245 |
_aTest Your Numerical Aptitude _bHow To Access Your Numeracy Skills And Plan Your Career |
||
| 260 |
_c2016 _bSource Book |
||
| 300 | _a173 | ||
| 365 |
_cRs. _b195.00 |
||
| 700 |
_aBarrett J. _9108224 |
||
| 906 |
_dO:0360507-Oct-2016B:SE/SI/338203-Oct-2016 _cGENRL _b243.75 |
||
| 999 |
_c219115 _d219115 |
||